| 000 | 01159nam a22002417a 4500 | ||
|---|---|---|---|
| 005 | 20220425142536.0 | ||
| 008 | 220425b ||||| |||| 00| 0 eng d | ||
| 020 | _a0674896467 | ||
| 040 | _cAL | ||
| 041 | _aEnglish | ||
| 082 |
_223 _a305.42 _bMACT |
||
| 100 |
_aCatharine A Mackinnon _931631 |
||
| 245 | _aToward a Feminist Theory of the State | ||
| 260 |
_aCambridge _bHarvard University Press _c1989 |
||
| 300 |
_axvii,330 p. _bPB _c23.x15.5 cm. |
||
| 520 | _aToward a Feminist Theory of the State presents Catharine MacKinnon’s powerful analysis of politics, sexuality, and the law from the perspective of women. Using the debate over Marxism and feminism as a point of departure, MacKinnon develops a theory of gender centered on sexual subordination and applies it to the state. The result is an informed and compelling critique of inequality and a transformative vision of a direction for social change. | ||
| 650 |
_aWomen's rights _931632 |
||
| 650 |
_a Feminism -- Political aspects _931633 |
||
| 650 |
_a Women in politics _931634 |
||
| 650 |
_aWomen and socialism _931635 |
||
| 700 |
_aMACKONNON (Catharine A) _931636 |
||
| 942 |
_2ddc _cGF |
||
| 999 |
_c222611 _d222611 |
||